| 000 | 00456nab a2200145Ia 4500 | ||
|---|---|---|---|
| 003 | ES-SlBCS | ||
| 005 | 20210601125350.0 | ||
| 008 | 140529s1995 xxu||||| |||| 00| 0 eng d | ||
| 041 | _aeng | ||
| 100 | 1 |
_aO'brien, Lucy F. _9156505 |
|
| 245 | 0 | 4 |
_aThe Problem of Self-Identification _c Lucy F. O'Brien |
| 650 | 0 | 4 |
_aAutoidentificación _9157383 |
| 773 | 0 |
_tProceedings of the Aristotelian Society _gvol. 95, nº. 3, 1995, págs. 235-268 _wRev837 |
|
| 942 | _cAR | ||
| 999 |
_c529203 _d529203 |
||